000 00944cab a22002175a 4500
001 L143024
008 080319e20080328xxk f 000 0 eng d
035 _a(Sirsi) u143024
041 0 _aeng
100 1 _aJudge, Anthony
245 0 0 _aLook before you leap
260 _c2008
490 0 _aNew Law Journal
_v(7314) 28 March 2008, 432-433(2)
520 _aOffers practical advice to insolvency purchasers when dealing with insolvency related sales. Considers: the purchase contract; the validity of appointment; pre-contract enquiries; leasehold property; location of documents; tax considerations and the approval of mortgage. Recommends that a buyer should not simply accept a statement from an insolvency purchaser that information is not available.
590 _aKA
650 2 4 _aINSOLVENCY ACT 1986
650 2 4 _aCOMPANIES ACT 1985
651 4 _aEngland and Wales
_y1543-
690 _aMANAGEMENT-CORPORATE RECOVERY
942 _n0
999 _c80022
_d80022